Elektronické knihy - budúcnosť literatúry?
Presadzovanie a popularita elektronických kníh na knižnom trhu. Elektronická kniha - formáty a ochrana e-kníh. Výhody a nevýhody e-kníh oproti tlačeným verziám kníh.
Guardado en:
| Autor principal: | |
|---|---|
| Formato: | Capítulo de libro |
| Lenguaje: | eslovaco |
| Materias: | |
| Etiquetas: |
Sin Etiquetas, Sea el primero en etiquetar este registro!
|
MARC
| LEADER | 00000nla a2200000 4500 | ||
|---|---|---|---|
| 001 | 0179019 | ||
| 005 | 20240502073036.4 | ||
| 041 | 0 | |a slo | |
| 044 | |a SK | ||
| 245 | 1 | 0 | |a Elektronické knihy - budúcnosť literatúry? |c Oľga Škvarčeková |
| 520 | |a Presadzovanie a popularita elektronických kníh na knižnom trhu. Elektronická kniha - formáty a ochrana e-kníh. Výhody a nevýhody e-kníh oproti tlačeným verziám kníh. | ||
| 610 | 2 | 0 | |a knihy |
| 610 | 2 | 0 | |a knihy elektronické |
| 610 | 2 | 0 | |a fondy knižničné |
| 610 | 2 | 0 | |a zdroje informácií |
| 610 | 2 | 0 | |a získavanie informácií |
| 610 | 2 | 0 | |a digitalizácia |
| 610 | 2 | 0 | |a literatúra |
| 100 | 1 | |a Škvarčeková, Oľga | |